<?xml version="1.0" encoding="UTF-8"?>
<record
    xmlns:xsi="http://www.w3.org/2001/XMLSchema-instance"
    xsi:schemaLocation="http://www.loc.gov/MARC21/slim http://www.loc.gov/standards/marcxml/schema/MARC21slim.xsd"
    xmlns="http://www.loc.gov/MARC21/slim">

  <leader>02193    a2200241   4500</leader>
  <controlfield tag="001">32163</controlfield>
  <controlfield tag="005">20260407155622.0</controlfield>
  <controlfield tag="008">260407a2015    arg                 spa d</controlfield>
  <controlfield tag="003">AR-UNSa-BCEJYS</controlfield>
  <datafield tag="040" ind1=" " ind2=" ">
    <subfield code="a">AR-UNSa-BCEJYS</subfield>
    <subfield code="b">spa</subfield>
    <subfield code="c">AR-UNSa-BCEJYS</subfield>
  </datafield>
  <datafield tag="080" ind1=" " ind2=" ">
    <subfield code="a">347.965</subfield>
    <subfield code="x">Abogados. La abogac&#xED;a (pr&#xE1;cticas profesionales)</subfield>
  </datafield>
  <datafield tag="245" ind1="1" ind2="0">
    <subfield code="a">Pr&#xE1;cticas profesionales sobre casos reales 2014</subfield>
    <subfield code="p">Anuario del Patrocinio Jur&#xED;dico gratuito de la Facultad de Derecho UBA</subfield>
  </datafield>
  <datafield tag="020" ind1=" " ind2=" ">
    <subfield code="a">978-987-3810-20-6</subfield>
  </datafield>
  <datafield tag="264" ind1=" " ind2="1">
    <subfield code="a">Buenos Aires :</subfield>
    <subfield code="b">Universidad de Buenos Aires. Facultad de Derecho. Departamento de Publicaciones</subfield>
    <subfield code="c">2015</subfield>
  </datafield>
  <datafield tag="300" ind1=" " ind2=" ">
    <subfield code="a">331 p.</subfield>
    <subfield code="c">23 cm.</subfield>
  </datafield>
  <datafield tag="505" ind1=" " ind2=" ">
    <subfield code="a">1. Presentaci&#xF3;n / M&#xF3;nica Pinto - 2. La creaci&#xF3;n del Patrocinio Jur&#xED;dico en la Facultad de Derecho / Oscar Zoppi - 3. Departamento de Pr&#xE1;ctica Profesional: su estructura y funcionamiento / Virginia Badino - 4. C&#xF3;mo hacemos lo que hacemos / Andrea Mercedes P&#xE9;rez - 5. Casos de Derecho administrativo / Emilio Corsiglia - 6. Casos de acciones de amparo / Christian Alberto Cao - 7. Casos de Derecho civil / Gustavo Saa - 8. Casos de cuestiones t&#xE9;cnico-procesales / Diana Graciela Saiz - 9. Casos de defensa de los derechos del consumidor y usuario / Marta Spessot - 10. Casos sobre la exigibilidad de los derechos econ&#xF3;micos, sociales, culturales y ambientales / Alejandro Rondanini - 11. Casos de Derecho laboral / Ricardo S&#xE1;nchez Pe&#xF1;a - 12. Casos de Derecho penal / Javier Azzali - 13. Casos de Derechos de ni&#xF1;os, ni&#xF1;as y adolescentes en el &#xE1;mbito civil y penal / Martiniano Terragni - 14. Casos de violencia familiar y de g&#xE9;nero / Elsa Zothner - 15. Casos de Derecho de familia /Gustavo Calvinho - 16. Mediaci&#xF3;n / Mar&#xED;a Cristina Klein - 17. El servicio social y de psicolog&#xED;a del Departamento de Pr&#xE1;ctica Profesional de la Facultad de Derecho UBA / Mariana Riudavets.</subfield>
  </datafield>
  <datafield tag="041" ind1=" " ind2=" ">
    <subfield code="a">spa</subfield>
  </datafield>
  <datafield tag="942" ind1=" " ind2=" ">
    <subfield code="c">BK</subfield>
  </datafield>
  <datafield tag="590" ind1=" " ind2=" ">
    <subfield code="a">niveau_biblio:m niveau_hierar:0</subfield>
  </datafield>
  <datafield tag="100" ind1="1" ind2=" ">
    <subfield code="a">Zoppi, Oscar M.</subfield>
  </datafield>
  <datafield tag="700" ind1="1" ind2=" ">
    <subfield code="a">Universidad de Buenos Aires. Facultad de Derecho. Secretar&#xED;a de Extensi&#xF3;n Universitaria y Bienestar Estudiantil</subfield>
  </datafield>
  <datafield tag="856" ind1="4" ind2="1">
    <subfield code="u">https://biblioeco.unsa.edu.ar/pmb/images/libros/practicas_uba.jpg</subfield>
    <subfield code="y">Imagen de portada</subfield>
    <subfield code="q">image/jpeg</subfield>
  </datafield>
  <datafield tag="999" ind1=" " ind2=" ">
    <subfield code="c">2262</subfield>
    <subfield code="d">2262</subfield>
  </datafield>
  <datafield tag="952" ind1=" " ind2=" ">
    <subfield code="0">0</subfield>
    <subfield code="1">0</subfield>
    <subfield code="4">0</subfield>
    <subfield code="7">0</subfield>
    <subfield code="a">BCEJYS</subfield>
    <subfield code="b">BCEJYS</subfield>
    <subfield code="c">16</subfield>
    <subfield code="d">2026-04-07</subfield>
    <subfield code="l">0</subfield>
    <subfield code="o">347.965 U58 2014</subfield>
    <subfield code="p">L125147</subfield>
    <subfield code="r">2026-04-07 15:56:22</subfield>
    <subfield code="w">2026-04-07</subfield>
    <subfield code="y">L</subfield>
  </datafield>
</record>
